| 000 | 00487cam a22001571 4500 | ||
|---|---|---|---|
| 082 |
_a624.15136 _bLOW _cL-TECH, P-92 |
||
| 100 | 2 |
_aLowe-Brown, William Lowe. _942488 |
|
| 245 | 1 | 3 |
_aAn introduction to soil mechanics, _cby W.L. Lowe-Brown. |
| 260 |
_aLondon, _bI. Pitman, _c1945. |
||
| 300 |
_av, 57 p. _bdiagrs. _c22 cm. |
||
| 526 |
_a0 _b0 _c0 _d624_151360000000000_LOW |
||
| 526 |
_a0 _b0 _c0 _d624_151360000000000_LOW |
||
| 650 | 0 |
_aMCE _9379 |
|
| 650 | 0 | _aSoil mechanics. | |
| 942 |
_2ddc _cBK |
||
| 999 |
_c546369 _d546369 |
||